Los precursores (Record no. 160416)

MARC details
000 -LEADER
campo de control de longitud fija 00987nam a2200229 i 4500
001 - NÚMERO DE CONTROL
campo de control 160416
003 - IDENTIFICADOR DE NÚMERO DE CONTROL
campo de control ES-MaACL
005 - FECHA Y HORA DE LA ÚLTIMA TRANSACCIÓN
campo de control 20230906212029.0
008 - DATOS DE LONGITUD FIJA--INFORMACIÓN GENERAL
campo de control de longitud fija 940301s1885 sp |||| |cspa d
100 1# - ENTRADA PRINCIPAL--NOMBRE DE PERSONA
Nombre de persona Murguía, Manuel.
9 (RLIN) 84577
245 14 - MENCIÓN DEL TÍTULO
Título Los precursores
Resto del título : Faraldo, Aurelio Aguirre, Sánchez Deus, Moreno Astray, Pondal, Cendón, Rosalía de Castro, Serafín Avendaño, Viccetto, Ignotus /
Mención de responsabilidad, etc. Manuel Murguía.
260 ## - PUBLICACIÓN, DISTRIBUCIÓN, ETC.
Lugar de publicación, distribución, etc. La Coruña :
Nombre del editor, distribuidor, etc. Latorre y Martínez, editores,
Fecha de publicación, distribución, etc. 1885 (
Fabricante Imp. de La Voz de Galicia)
300 ## - DESCRIPCIÓN FÍSICA
Extensión 274 p. ;
Dimensiones 20 cm.
490 1# - MENCIÓN DE SERIE
Mención de serie Biblioteca gallega ;
Designación de volumen o secuencia 1
530 ## - NOTA DISPONIBLE DE FORMULARIO FÍSICO ADICIONAL
Nota de formato físico adicional disponible Disponible en formato digital.
596 ## - NOTA AL PIE DE IMPRENTA
NOTA AL PIE DE IMPRENTA Fecha de cub.: 1886.
650 #4 - PUNTO DE ACCESO ADICIONAL DE MATERIA--TÉRMINO DE MATERIA
Término de materia o nombre geográfico como elemento de entrada Gallegos-
Subdivisión de forma Biografías.
9 (RLIN) 136160
830 0# - PUNTO DE ACCESO ADICIONAL DE SERIE-TÍTULO UNIFORME
Título uniforme Biblioteca gallega ;
Designación de volumen o secuencia 1
9 (RLIN) 180864
852 ## - LOCALIZACIÓN
Ubicación ES-MaACL
Número de control de estantería G-9203
Nota libre - Enc. pasta española
condición física - Falto de las p. 171-200
856 ## - LOCALIZACIÓN Y ACCESO ELECTRÓNICOS
Identificador Uniforme de Recursos <a href="http://biblioteca.galiciana.gal/es/consulta/registro.cmd?id=7242">http://biblioteca.galiciana.gal/es/consulta/registro.cmd?id=7242</a>
Nota pública Biblioteca Dixital de Galicia
Holdings
Estatus retirado Estado de pérdida Estado de daño No para préstamo Colección Biblioteca de origen Biblioteca actual Ubicación en estantería Fecha de adquisición Fuente de adquisición Total de préstamos Signatura topográfica completa Código de barras Visto por última vez Precio de reemplazo Tipo de ítem Koha
        Colección digital Biblioteca del Ateneo de Madrid Biblioteca del Ateneo de Madrid Sala Pecera Planta 3 17/01/2008     G-9203 1167968 23/02/2023 23/02/2023 Libro impreso antiguo